[Event "Bosilegrad"]
[Site "Bosilegrad"]
[Date "2009.05.25"]
[Round "8"]
[White "Muratovic, Alija"]
[Black "Zlatilov, Ivailo"]
[Result "1/2-1/2"]
[WhiteElo "2487"]
[BlackElo "2332"]
[PlyCount "40"]
[EventDate "2009.05.21"]
[EventType "tourn"]
[EventRounds "11"]
[EventCountry "YUG"]
[EventCategory "3"]
[SourceTitle "CBM 130 Extra"]
[Source "ChessBase"]
[SourceDate "2009.07.02"]
[SourceVersion "2"]
[SourceVersionDate "2009.07.15"]
[SourceQuality "1"]

1. e4 c5 2. Nc3 Nc6 3. g3 g6 4. Bg2 Bg7 5. d3 e6 6. f4 Nge7 7. Nf3 0-0 8. 0-0 d6 9. Ne2 Rb8 10. a4 b6 11. c3 d5 12. e5 a6 13. Be3 Bd7 14. g4 Qc7 15. Ng3 Nd8 16. h4 b5 17. axb5 axb5 18. b4 cxb4 19. cxb4 Ndc6 20. Bc5 Ra8 1/2-1/2

[Event "Bosilegrad"]
[Site "Bosilegrad"]
[Date "2009.05.25"]
[Round "9"]
[White "Zlatilov, Ivailo"]
[Black "Andonov, Bogomil"]
[Result "1/2-1/2"]
[WhiteElo "2332"]
[BlackElo "2321"]
[PlyCount "34"]
[EventDate "2009.05.21"]
[EventType "tourn"]
[EventRounds "11"]
[EventCountry "YUG"]
[EventCategory "3"]
[SourceTitle "CBM 130 Extra"]
[Source "ChessBase"]
[SourceDate "2009.07.02"]
[SourceVersion "2"]
[SourceVersionDate "2009.07.15"]
[SourceQuality "1"]

1. Nf3 d5 2. d4 c5 3. g3 cxd4 4. Nxd4 e5 5. Nb3 Nc6 6. Bg2 Be6 7. 0-0 Nf6 8. Nc3 Be7 9. Bg5 d4 10. Bxf6 Bxf6 11. Ne4 Be7 12. c3 dxc3 13. Nxc3 0-0 14. Qxd8 Rfxd8 15. Rad1 Rxd1 16. Rxd1 Rd8 17. Rxd8+ Nxd8 1/2-1/2

[Event "Bosilegrad"]
[Site "Bosilegrad"]
[Date "2009.05.23"]
[Round "5"]
[White "Zlatilov, Ivailo"]
[Black "Arnaudov, Petar G"]
[Result "1/2-1/2"]
[WhiteElo "2332"]
[BlackElo "2449"]
[PlyCount "40"]
[EventDate "2009.05.21"]
[EventType "tourn"]
[EventRounds "11"]
[EventCountry "YUG"]
[EventCategory "3"]
[SourceTitle "CBM 130 Extra"]
[Source "ChessBase"]
[SourceDate "2009.07.02"]
[SourceVersion "2"]
[SourceVersionDate "2009.07.15"]
[SourceQuality "1"]

1. Nf3 g6 2. c4 c5 3. Nc3 Bg7 4. g3 Nf6 5. Bg2 0-0 6. 0-0 Nc6 7. b3 d6 8. Bb2 e5 9. d3 h6 10. e4 Bg4 11. h3 Bxf3 12. Bxf3 Nd4 13. Bg2 a6 14. Nd5 Nxd5 15. cxd5 b5 16. Bxd4 cxd4 17. Rc1 Rc8 18. Qd2 Qb6 19. Rxc8 Rxc8 20. Rc1 Rxc1+ 1/2-1/2

[Event "Bosilegrad"]
[Site "Bosilegrad"]
[Date "2009.05.22"]
[Round "2"]
[White "Marholev, Dimitar"]
[Black "Zlatilov, Ivailo"]
[Result "1/2-1/2"]
[WhiteElo "2396"]
[BlackElo "2332"]
[PlyCount "38"]
[EventDate "2009.05.21"]
[EventType "tourn"]
[EventRounds "11"]
[EventCountry "YUG"]
[EventCategory "3"]
[SourceTitle "CBM 130 Extra"]
[Source "ChessBase"]
[SourceDate "2009.07.02"]
[SourceVersion "2"]
[SourceVersionDate "2009.07.15"]
[SourceQuality "1"]

1. Nf3 Nf6 2. c4 e6 3. g3 d5 4. d4 Be7 5. Bg2 0-0 6. 0-0 dxc4 7. Ne5 Nbd7 8. Nxc4 c5 9. Nc3 cxd4 10. Qxd4 Nc5 11. Be3 Bd7 12. Rfd1 Bc6 13. Bxc6 bxc6 14. Qxd8 Rfxd8 15. Rxd8+ Rxd8 16. Bxc5 Bxc5 17. Na4 Be7 18. Rc1 h6 19. Kg2 Rd5 1/2-1/2

[Event "Bouzakis Memorial-A"]
[Site "Chania"]
[Date "2000.08.20"]
[Round "1"]
[White "Babaniotis, Evangelos"]
[Black "Zlatilov, Ivailo"]
[Result "1/2-1/2"]
[WhiteElo "2355"]
[BlackElo "2069"]
[PlyCount "121"]
[EventDate "2000.08.20"]
[EventType "tourn"]
[EventRounds "9"]
[EventCountry "GRE"]
[EventCategory "2"]
[SourceTitle "EXT 2004"]
[Source "ChessBase"]
[SourceDate "2003.11.25"]
[SourceVersion "1"]
[SourceVersionDate "2003.11.25"]
[SourceQuality "1"]

1. c4 b6 2. Nf3 Bb7 3. g3 Bxf3 4. exf3 c5 5. d4 cxd4 6. Bg2 Nc6 7. 0-0 g6 8. b3 Bg7 9. Bb2 Nh6 10. f4 Nf5 11. Na3 Rc8 12. Qd2 0-0 13. Rad1 f6 14. Nb5 e5 15. Ba3 Nfe7 16. Bd5+ Nxd5 17. Bxf8 Bxf8 18. cxd5 Nb4 19. fxe5 fxe5 20. d6 Nc6 21. f4 a6 22. fxe5 axb5 23. Qe2 Qe8 24. Qxb5 Qxe5 25. Qxe5 Nxe5 26. Rxd4 Rc6 27. Re4 Bxd6 28. Kg2 Kg7 29. Rf2 h5 30. Rb2 Kf6 31. Ree2 Rc1 32. Rbc2 Ra1 33. Rf2+ Ke6 34. Rf1 Rxf1 35. Kxf1 Bc5 36. a4 d5 37. a5 Kd6 38. a6 Nc6 39. Ra2 b5 40. Kg2 g5 41. g4 h4 42. Ra1 d4 43. Kf1 Kd5 44. Ke2 Ke4 45. Rc1 d3+ 46. Kd1 Kd5 47. Kd2 Bd4 48. Rf1 Ne5 49. h3 b4 50. Rf8 Ke4 51. Rc8 Be3+ 52. Kd1 Kd5 53. Re8 Kd6 54. Rd8+ Kc6 55. Ra8 Kd5 56. Re8 Kd6 57. Rd8+ Ke7 58. Rd5 Ke6 59. Rd8 Ke7 60. Rd5 Ke6 61. Rd8 1/2-1/2

[Event "Vrbas"]
[Site "Vrbas"]
[Date "1993.??.??"]
[Round "5"]
[White "Cabarkapa, Velibor"]
[Black "Zlatilov, Ivailo"]
[Result "1-0"]
[WhiteElo "2230"]
[BlackElo "2390"]
[PlyCount "47"]
[EventDate "1993.??.??"]
[EventType "tourn"]
[EventRounds "11"]
[EventCountry "YUG"]
[EventCategory "5"]
[SourceTitle "EXT 2002"]
[Source "ChessBase"]
[SourceDate "2001.11.25"]
[SourceVersion "1"]
[SourceVersionDate "2001.11.25"]
[SourceQuality "1"]

1. e4 c5 2. Nf3 Nc6 3. Bb5 e6 4. Bxc6 bxc6 5. b3 d6 6. e5 dxe5 7. Nxe5 Qd4 8. Nc4 Qxa1 9. Nc3 Nf6 10. 0-0 Nd5 11. Qf3 Be7 12. Ba3 Qxf1+ 13. Kxf1 0-0 14. Ne4 Ba6 15. Nxc5 Bxc4+ 16. bxc4 Nb6 17. Qg4 g6 18. d3 Rab8 19. Qd4 Rfd8 20. Qe5 Bd6 21. Qg5 Bf8 22. Bb2 Nxc4 23. dxc4 Bxc5 24. Qf6 1-0

[Event "BL2-West 9091"]
[Site "Germany"]
[Date "1991.??.??"]
[Round "?.1"]
[White "Meduna, Eduard"]
[Black "Zlatilov, Ivailo"]
[Result "1-0"]
[WhiteElo "2495"]
[BlackElo "2365"]
[PlyCount "75"]
[EventDate "1990.10.??"]
[EventType "team-tourn"]
[EventRounds "9"]
[EventCountry "GER"]
[SourceTitle "GER-chT2"]
[Source "ChessBase"]
[SourceDate "1999.07.01"]
[SourceVersion "1"]
[SourceVersionDate "1999.07.01"]
[SourceQuality "1"]
[WhiteTeam "Bochum"]
[BlackTeam "Enger Spenge"]
[WhiteTeamCountry "GER"]
[BlackTeamCountry "GER"]

1. d4 d5 2. Bg5 g6 3. Nf3 Bg7 4. e3 Nf6 5. Nbd2 0-0 6. Be2 Nbd7 7. 0-0 c5 8. c3 b6 9. b4 Ne4 10. Nxe4 dxe4 11. Nd2 cxd4 12. cxd4 Bb7 13. Rc1 h6 14. Bh4 g5 15. Bg3 e5 16. dxe5 Nxe5 17. Nc4 Nd3 18. Bxd3 exd3 19. Nd6 Ba6 20. b5 d2 21. Rc2 Bc8 22. Rxd2 Qf6 23. f4 Qc3 24. e4 Bg4 25. Qe1 Rad8 26. e5 Qb4 27. Qe3 gxf4 28. Bxf4 Qc5 29. Rd4 Rfe8 30. Rc1 Rxd6 31. Rxc5 Rxd4 32. Qxd4 bxc5 33. Qxc5 Ra8 34. Qe3 h5 35. a4 Bf8 36. Bh6 Be7 37. h3 Bf5 38. Qf3 1-0

[Event "BL2-West 9091"]
[Site "Germany"]
[Date "1991.??.??"]
[Round "?.1"]
[White "Zlatilov, Ivailo"]
[Black "Kuijf, Marinus"]
[Result "1/2-1/2"]
[WhiteElo "2365"]
[BlackElo "2440"]
[PlyCount "45"]
[EventDate "1990.10.??"]
[EventType "team-tourn"]
[EventRounds "9"]
[EventCountry "GER"]
[SourceTitle "GER-chT2"]
[Source "ChessBase"]
[SourceDate "1999.07.01"]
[SourceVersion "1"]
[SourceVersionDate "1999.07.01"]
[SourceQuality "1"]
[WhiteTeam "Enger Spenge"]
[BlackTeam "Muenster"]
[WhiteTeamCountry "GER"]
[BlackTeamCountry "GER"]

1. d4 d5 2. c4 c6 3. cxd5 cxd5 4. Nc3 Nc6 5. Bf4 Nf6 6. e3 Bf5 7. Qb3 Na5 8. Bb5+ Bd7 9. Qa4 Nc6 10. Nf3 a6 11. Bxc6 Bxc6 12. Qb3 e6 13. Ne5 Nd7 14. Nxc6 bxc6 15. 0-0 c5 16. dxc5 Nxc5 17. Qc2 Bd6 18. Bxd6 Qxd6 19. Na4 Nxa4 20. Qxa4+ Qd7 21. Qa3 Qe7 22. Qa4+ Qd7 23. Qa3 1/2-1/2

[Event "Andorra op 9th"]
[Site "Andorra"]
[Date "1991.??.??"]
[Round "?"]
[White "Zlatilov, Ivailo"]
[Black "Ribeiro, Fernando"]
[Result "1-0"]
[WhiteElo "2365"]
[BlackElo "2265"]
[PlyCount "67"]
[EventDate "1991.06.??"]
[EventType "swiss"]
[EventRounds "9"]
[EventCountry "AND"]
[SourceTitle "EXT 1997"]
[Source "ChessBase"]
[SourceDate "1996.11.15"]
[SourceVersion "1"]
[SourceVersionDate "1996.11.15"]
[SourceQuality "1"]

1. d4 g6 2. c4 Bg7 3. e4 d6 4. Nc3 f5 5. Nf3 Nh6 6. Bd3 0-0 7. Bxh6 Bxh6 8. h4 e6 9. h5 g5 10. g4 fxe4 11. Bxe4 d5 12. cxd5 exd5 13. Bxd5+ Kh8 14. Ne5 Nd7 15. Qe2 Nxe5 16. dxe5 c6 17. Bb3 Qd4 18. e6 Bxe6 19. Bxe6 Rae8 20. 0-0 Rf4 21. Rad1 Qf6 22. Rfe1 Bg7 23. Rd7 b5 24. Rd3 Qf8 25. Nd1 Qb4 26. Nc3 Bd4 27. Nd1 Rxg4+ 28. Bxg4 Rxe2 29. Rxe2 Bf6 30. Re8+ Kg7 31. Rd7+ Kh6 32. Bf5 g4 33. Ne3 Kg5 34. Rg8+ 1-0

[Event "Wattens op 05th"]
[Site "Wattens"]
[Date "1990.07.28"]
[Round "8"]
[White "Zlatilov, Ivailo"]
[Black "Dimitrov, Vladimir"]
[Result "0-1"]
[WhiteElo "2350"]
[BlackElo "2455"]
[PlyCount "70"]
[EventDate "1990.07.21"]
[EventType "swiss"]
[EventRounds "9"]
[EventCountry "AUT"]
[SourceTitle "EXT 2006"]
[Source "ChessBase"]
[SourceDate "2005.11.24"]
[SourceVersion "1"]
[SourceVersionDate "2005.11.24"]
[SourceQuality "1"]

1. d4 e6 2. Nf3 Nf6 3. c4 d5 4. cxd5 exd5 5. Nc3 Bb4 6. Bg5 Nbd7 7. e3 c5 8. Bb5 Qa5 9. 0-0 Bxc3 10. Bxd7+ Nxd7 11. bxc3 c4 12. Qc2 0-0 13. e4 dxe4 14. Qxe4 Nb6 15. Rfe1 h6 16. Bd2 Qd5 17. Qh4 Bf5 18. Re5 Qd7 19. Rae1 Rae8 20. Qg3 Kh7 21. h3 f6 22. Rc5 Nd5 23. Rxc4 b6 24. Nh4 Rxe1+ 25. Bxe1 Bb1 26. Qg4 Qe8 27. Bd2 Bd3 28. Rb4 Nxb4 29. cxb4 Qe4 30. Qg3 Qxd4 31. Nf3 Qd5 32. Be3 Rf7 33. Nd4 Qxa2 34. Qd6 Be4 35. Ne6 Qd5 0-1

[Event "Wattens op 05th"]
[Site "Wattens"]
[Date "1990.07.25"]
[Round "5"]
[White "Laube, Bernhard"]
[Black "Zlatilov, Ivailo"]
[Result "1/2-1/2"]
[WhiteElo "2235"]
[BlackElo "2350"]
[PlyCount "79"]
[EventDate "1990.07.21"]
[EventType "swiss"]
[EventRounds "9"]
[EventCountry "AUT"]
[SourceTitle "EXT 2006"]
[Source "ChessBase"]
[SourceDate "2005.11.24"]
[SourceVersion "1"]
[SourceVersionDate "2005.11.24"]
[SourceQuality "1"]

1. d4 e6 2. g3 c5 3. Nf3 cxd4 4. Nxd4 a6 5. Bg2 Nf6 6. 0-0 Be7 7. c4 0-0 8. Nc3 Qc7 9. Qd3 Nc6 10. Nxc6 dxc6 11. b3 e5 12. Bb2 Bg4 13. h3 Bh5 14. Rad1 Bc5 15. g4 Bg6 16. Qg3 Qe7 17. Rd2 Rad8 18. Rfd1 Bd4 19. e3 Bb6 20. g5 Nh5 21. Qg4 f5 22. gxf6 Nxf6 23. Qh4 Rxd2 24. Rxd2 Rd8 25. Rxd8+ Bxd8 26. Qg3 Qd6 27. Qf3 Bc7 28. Qd1 Bd3 29. c5 Qd7 30. e4 Kf7 31. Ne2 Bb5 32. Qc2 Qd3 33. Qxd3 Bxd3 34. Ng3 g6 35. Bc3 a5 36. a3 Nd7 37. b4 axb4 38. axb4 b6 39. cxb6 Bxb6 40. Bf1 1/2-1/2

[Event "Sankt Augustin"]
[Site "Sankt Augustin"]
[Date "1990.??.??"]
[Round "9"]
[White "Tischbierek, Raj"]
[Black "Zlatilov, Ivailo"]
[Result "1-0"]
[WhiteElo "2440"]
[BlackElo "2350"]
[PlyCount "81"]
[EventDate "1990.??.??"]
[EventType "tourn"]
[EventRounds "11"]
[EventCountry "GER"]
[EventCategory "4"]
[SourceTitle "CBM 020 Extra"]
[Source "ChessBase"]
[SourceDate "1991.03.01"]
[SourceVersion "1"]
[SourceVersionDate "1991.03.01"]
[SourceQuality "1"]

1. e4 c5 2. Nc3 Nc6 3. Nge2 e5 4. Nd5 Nge7 5. Nec3 Nxd5 6. Nxd5 d6 7. Bc4 Be6 8. 0-0 Be7 9. d3 0-0 10. f4 exf4 11. Bxf4 Ne5 12. Bb3 Ng6 13. Be3 Bg5 14. Bxg5 Qxg5 15. Nc7 Bg4 16. Rxf7 Rxf7 17. Bxf7+ Kxf7 18. Qf1+ Nf4 19. Nd5 Kg8 20. Qxf4 Qxf4 21. Nxf4 Re8 22. Nd5 b5 23. Kf2 Be6 24. Nc7 Rf8+ 25. Ke3 Bd7 26. Nd5 g5 27. a3 Be6 28. Nc7 Bd7 29. Rh1 Kg7 30. h4 gxh4 31. Nd5 Kg6 32. Rxh4 Rf1 33. Rf4 Re1+ 34. Kf2 Rc1 35. Rf6+ Kg5 36. Rxd6 Rxc2+ 37. Kg3 Be8 38. Nc7 Bf7 39. e5 c4 40. e6 Bg6 41. e7 1-0

[Event "Sankt Augustin"]
[Site "Sankt Augustin"]
[Date "1990.??.??"]
[Round "6"]
[White "Zlatilov, Ivailo"]
[Black "Kaeser, Udo"]
[Result "1/2-1/2"]
[WhiteElo "2350"]
[BlackElo "2270"]
[PlyCount "39"]
[EventDate "1990.??.??"]
[EventType "tourn"]
[EventRounds "11"]
[EventCountry "GER"]
[EventCategory "4"]
[SourceTitle "CBM 020 Extra"]
[Source "ChessBase"]
[SourceDate "1991.03.01"]
[SourceVersion "1"]
[SourceVersionDate "1991.03.01"]
[SourceQuality "1"]

1. d4 d5 2. c4 e6 3. cxd5 exd5 4. Nc3 c6 5. Qc2 Bd6 6. Nf3 Ne7 7. Bg5 Bf5 8. Qxf5 Nxf5 9. Bxd8 Kxd8 10. e3 Be7 11. Bd3 Nd6 12. Ke2 Nd7 13. b4 a6 14. a4 Ne4 15. Nxe4 dxe4 16. Bxe4 Bxb4 17. Ne1 Re8 18. Bf3 Bc3 19. Rb1 Kc7 20. d5 1/2-1/2

[Event "Sankt Augustin"]
[Site "Sankt Augustin"]
[Date "1990.??.??"]
[Round "2"]
[White "Zlatilov, Ivailo"]
[Black "Paehtz, Thomas Sr"]
[Result "1/2-1/2"]
[WhiteElo "2350"]
[BlackElo "2430"]
[PlyCount "25"]
[EventDate "1990.??.??"]
[EventType "tourn"]
[EventRounds "11"]
[EventCountry "GER"]
[EventCategory "4"]
[SourceTitle "CBM 020 Extra"]
[Source "ChessBase"]
[SourceDate "1991.03.01"]
[SourceVersion "1"]
[SourceVersionDate "1991.03.01"]
[SourceQuality "1"]

1. d4 Nf6 2. Nf3 d6 3. c4 g6 4. Nc3 Bg7 5. e4 0-0 6. Be2 e5 7. 0-0 Nbd7 8. Be3 c6 9. d5 Ng4 10. Bg5 f6 11. Bh4 Qe7 12. b4 Nh6 13. Nd2 1/2-1/2

[Event "Lenk op"]
[Site "Lenk"]
[Date "1989.??.??"]
[Round "?"]
[White "Cvitan, Ognjen"]
[Black "Zlatilov, Ivailo"]
[Result "1-0"]
[WhiteElo "2525"]
[BlackElo "2360"]
[PlyCount "63"]
[EventDate "1989.06.??"]
[EventType "swiss"]
[EventRounds "7"]
[EventCountry "SUI"]
[SourceTitle "EXT 1997"]
[Source "ChessBase"]
[SourceDate "1996.11.15"]
[SourceVersion "1"]
[SourceVersionDate "1996.11.15"]
[SourceQuality "1"]

1. d4 d5 2. c4 e6 3. Nc3 Be7 4. Nf3 Nf6 5. Bg5 h6 6. Bh4 0-0 7. e3 b6 8. Be2 Bb7 9. 0-0 Nbd7 10. Rc1 dxc4 11. Bxc4 c5 12. Qe2 cxd4 13. Nxd4 a6 14. Rfd1 Qe8 15. a3 Nc5 16. f3 Rc8 17. Bf2 b5 18. Ba2 Na4 19. Nxa4 bxa4 20. Bc4 Ra8 21. e4 Bc5 22. Bb5 axb5 23. Rxc5 Ba6 24. Qe1 Nd7 25. Rc7 Ne5 26. Qc3 Rc8 27. Qc5 Rxc7 28. Qxc7 Nc4 29. Nc6 Qa8 30. Bc5 Nxb2 31. Bxf8 Nxd1 32. Nd8 1-0

[Event "Lenk op"]
[Site "Lenk"]
[Date "1989.??.??"]
[Round "?"]
[White "Gross, Stefan"]
[Black "Zlatilov, Ivailo"]
[Result "0-1"]
[WhiteElo "2425"]
[BlackElo "2360"]
[PlyCount "80"]
[EventDate "1989.06.??"]
[EventType "swiss"]
[EventRounds "7"]
[EventCountry "SUI"]
[SourceTitle "EXT 1997"]
[Source "ChessBase"]
[SourceDate "1996.11.15"]
[SourceVersion "1"]
[SourceVersionDate "1996.11.15"]
[SourceQuality "1"]

1. c4 Nf6 2. Nf3 e6 3. g3 d5 4. Bg2 dxc4 5. Qa4+ Nbd7 6. 0-0 a6 7. Qxc4 b5 8. Qc6 Rb8 9. Qc2 Bb7 10. b3 c5 11. Bb2 Be7 12. d3 0-0 13. Nbd2 Rc8 14. Rac1 Qc7 15. Qb1 Qb8 16. Qa1 Qa8 17. Rc2 Rc7 18. b4 Rcc8 19. bxc5 Rxc5 20. Rxc5 Nxc5 21. Bd4 Rc8 22. Rc1 h6 23. Rc2 Ncd7 24. Qb2 Bd5 25. Nb3 Rxc2 26. Qxc2 Qc6 27. Qb2 Qc7 28. e4 Bxb3 29. axb3 a5 30. Ne1 e5 31. Bc3 b4 32. Bd2 Bc5 33. Bf3 Bd4 34. Qc1 Qxc1 35. Bxc1 Bc3 36. Kf1 Nc5 37. Be2 Nxb3 38. Be3 a4 39. Bd1 Nd7 40. Nc2 Ndc5 0-1

[Event "Porz op 22nd"]
[Site "Cologne"]
[Date "1989.??.??"]
[Round "?"]
[White "Roeder, Mathias"]
[Black "Zlatilov, Ivailo"]
[Result "1/2-1/2"]
[WhiteElo "2365"]
[BlackElo "2360"]
[PlyCount "32"]
[EventDate "1989.??.??"]
[EventType "swiss"]
[EventRounds "9"]
[EventCountry "GER"]
[SourceTitle "EXT 1997"]
[Source "ChessBase"]
[SourceDate "1996.11.15"]
[SourceVersion "1"]
[SourceVersionDate "1996.11.15"]
[SourceQuality "1"]

1. d4 e6 2. c4 b6 3. a3 Bb7 4. d5 Qh4 5. e3 Nf6 6. Nc3 exd5 7. g3 Qg4 8. Qxg4 Nxg4 9. Nxd5 Na6 10. h3 Nf6 11. Nxf6+ gxf6 12. Rh2 Nc5 13. Bd2 Bd6 14. Bc3 Be5 15. Bxe5 fxe5 16. 0-0-0 a5 1/2-1/2